000 00479nam a2200181Ia 4500
005 20250508155238.0
008 008 250505s9999 xx 000 0 eng d
037 _aTextual
040 _aFEDL
_beng
_cFEDL
041 _aeng
_2eng
084 _a539.76, UNE
_qFEDL
245 0 _aSocial implications of the peaceful uses of nuclear energy
245 0 _cUNESCO
260 _c1964
300 _a169p.
942 _cTEXL
_h539.76, UNE
999 _c1355483
_d1355483